Secrets of Winning Slots : (Record no. 588604)

MARC details
000 -LEADER
fixed length control field 00471nam a2200193 a 4500
008 - FIXED-LENGTH DATA ELEMENTS--GENERAL INFORMATION
fixed length control field 250921s2003##################000#0#eng##
020 ## - INTERNATIONAL STANDARD BOOK NUMBER
ISBN 9781580421171
082 04 - DEWEY DECIMAL CLASSIFICATION NUMBER
Classification number 795.27
Item number CAR
100 1# - MAIN ENTRY--AUTHOR NAME
Personal name Cardoza, Avery,
245 10 - TITLE STATEMENT
Title Secrets of Winning Slots :
260 ## - PUBLICATION, DISTRIBUTION, ETC. (IMPRINT)
Name of publisher Cardoza,
Year of publication 2003.
300 ## - PHYSICAL DESCRIPTION
Number of Pages 170 pages
650 #0 - SUBJECT ADDED ENTRY--TOPICAL TERM
Topical Term Games & Activities.
942 ## - ADDED ENTRY ELEMENTS (KOHA)
Koha item type English Books
Holdings
Withdrawn status Lost status Damaged status Not for loan Home library Current library Shelving location Date acquired Full call number Accession Number Price effective from Koha item type
        Anna Centenary Library Anna Centenary Library 6TH FLOOR, B WING 21.09.2025 795.27 CAR 458111 21.09.2025 English Books

Find us on the map